000 00941nam a2200193 i 4500
001 165764
003 ES-MaACL
005 20230906213213.0
008 050906m18951896fr | |||||||| ||fre d
040 _aCAM
_bspa
_cCAM
100 1 _aStern, Alfred.
_9108120
245 1 3 _aLa vie de Mirabeau /
_cpar Alfred Stern.
250 _aEd. revue par l'auteur et précédée d'une préface écrite pour l'édition française.
260 _aParis :
_bLibrairie Emile Bouillon éditeur,
_c1895-1896 (
_eSaint-Amand (Cher) :
_fImprimerie Destenay, Bussière frères)
300 _a2 v. ;
_c22 cm.
505 8 _aContiene: T.I: Avant la révolution / traduit de l'allemand par Lespès, Pasquet & Pierre Péret (IV, 398 p.) - Pendant la révolution / traduit de l'allemand par M.H. Busson (398 p.)
600 1 4 _aMirabeau, Honoré-Gabriel de Riqueti
_ccomte de.
_981463
852 _aES-MaACL
_jF-7867-68
_z-- Rust.
_q-- Falto de las pag. 353-398 del t.I
999 _c165764
_d165764